banner koha

Plano anual de trabalho 1975 / (Registro n. 266170)

MARC details
000 -LÍDER
Campo de controle fixo 00882nac a22002777a 4500
001 - NÚMERO DE CONTROLE
Número de controle BR7575042
003 - CÓDIGO MARC DA AGÊNCIA CATALOGADORA
Campo de controle BR-BrBNA
005 - DATA E HORA DA ÚLTIMA ATUALIZAÇÃO
Campo de controle 20241030102041.0
008 - CAMPO DE TAMANHO FIXO
Campo fixo de controle 230509b bl.|||m| |||| 00| 0 por d
040 ## - FONTE DA CATALOGAÇÃO
Agência catalogadora BR-BrBNA
Idioma da catalogação por
072 ## - CATEGORIA AGRIS
Código da categoria de assunto/objeto <a href="C00; F00; E30">C00; F00; E30</a>
090 ## - NÚMERO DE CHAMADA
Localização na estante C00
Código BR BR7575042
110 1# - ENTRADA PRINCIPAL - ENTIDADE
Nome da entidade ou lugar Associação de Credito e Assistência Rural do Estado do Pará
9 (RLIN) 493
245 1# - TÍTULO PRINCIPAL
Título principal Plano anual de trabalho 1975 /
260 3# - IMPRENTA (PUBLICAÇÃO, DISTRIBUIÇÃO, ETC.)
Lugar de publicação, distribuição, etc. Belem, PA (Brasil):
Data de publicação, distribuição, etc 1975.
300 ## - DESCRIÇÃO FÍSICA
Extensão 104 p.
490 ## - INDICAÇÃO DE SÉRIE
Título da série Plano Anual de Trabalho - Associação de Credito e Assistência Rural do Estado do Para (Brazil)
500 ## - NOTA GERAL
Notas gerais 40 tables; 19 ref.
650 ## - ASSUNTO - THESAGRO
Cabeçalho tópico ou nome geográfico Extensão rural
650 ## - ASSUNTO - THESAGRO
Cabeçalho tópico ou nome geográfico Projeto de desenvolvimento
650 ## - ASSUNTO - THESAGRO
Cabeçalho tópico ou nome geográfico Assistência técnica
650 ## - ASSUNTO - THESAGRO
Cabeçalho tópico ou nome geográfico Produção vegetal
650 ## - ASSUNTO - THESAGRO
Cabeçalho tópico ou nome geográfico Pará
909 ## - IDENTIFICAÇÃO DO CATALOGADOR
Ano e mês da catalogação (aaaamm) 10/2024
Identificação do catalogador SARAH
942 ## - TIPO ESPECÍFICO
Tipo de material Monografia Seriada
952 ## - LOCATION AND ITEM INFORMATION (KOHA)
-- 2023-12-18
-- Portaria Interministerial nº 164/94
Exemplares
Status de empréstimo Fonte de classificação Status de danificação Não pode ser emprestado Código da coleção Localização permanente Localização atual Localização na estante Total Checkouts Número de chamada Código de barras Tipo de material
  Classificação AGRIS     Agrobase Biblioteca Nacional de Agricultura - Binagri Biblioteca Nacional de Agricultura - Binagri Agrobase - Acervo Geral   C00 BR7575042 2024-6431 Livros

BINAGRI

Telefone: (61)3218-2567/2388/3357/2097 - binagri@agro.gov.br

Ministério da Agricultura e Pecuária , Esplanada dos Ministérios, Bloco D, Anexo B, Brasília/DF, CEP: 70.043-900